ბათუმის შოთა რუსთაველის სახელმწიფო უნივერსიტეტის ბიბლიოთეკა

იბრაიმ აბაშიძე და მისი ეთნოგრაფიულ-ფოლკლორისტული ჩანაწერები : (ბიბ.ჩანაწერი № 38065)

000 -ლიდერი
ფიქსირებული სიგრძის საკონტროლო ველი 01068nam a2200241Ia 4500
001 - საკონტროლო ნომერი
საკონტროლო ველი 4051
003 - საკონტროლო ნომრის იდენტიფიკატორი
საკონტროლო ველი GE_BSU
005 - ბოლო ოპერაციის თარიღი და დრო
საკონტროლო ველი 20190923113524.0
008 - ფიქსირებული სიგრძის მონაცემთა ელემენტები - ზოგადი ინფორმაცია
ფიქსირებული სიგრძის საკონტროლო ველი 181216s1998||||ge |||||||||||||| ||geo||
040 ## - კატალოგიზაციის წყარო
Transcribing agency GE_BSU
041 ## - ენის კოდი
Language code of text/sound track or separate title geo
080 ## - უნივერსალური ათობითი კლასიფიკაციის ინდექსი
Universal Decimal Classification number 39(479.223)+398(479.223) ა–14
100 ## - მთავარი ჩანაწერი - პიროვნების სახელი
Personal name აბაშიძე, ნარგიზ
9 (RLIN) 3771
245 ## - ცნობა სათაურის შესახებ
Title იბრაიმ აბაშიძე და მისი ეთნოგრაფიულ-ფოლკლორისტული ჩანაწერები :
Remainder of title წ. 1. /
Statement of responsibility, etc ნარგიზ აბაშიძე; რედ.: ნოდარ კახიძე.
264 ## - წარმოების, გამოცემის, დისტრიბუციის და სხვა ცნობები
გამოცემის, წარმოების, დისტრიბუციის... ადგილი ბათუმი :
გამოცემის, წარმოების, დისტრიბუციის... სახელწოდება აჭარა,
გამოცემის, წარმოების, დისტრიბუციის... თარიღი 1998.
300 ## - ფიზიკური აღწერა
Extent 221 გვ.;
Other physical details 20 სმ.
600 ## - SUBJECT ADDED ENTRY--PERSONAL NAME
Personal name აბაშიძე იბრაიმ
9 (RLIN) 4216
653 ## - INDEX TERM--UNCONTROLLED
Uncontrolled term ქართველების ეთნოგრაფია ;
653 ## - INDEX TERM--UNCONTROLLED
Uncontrolled term ქართული ფოლკლორი;
700 ## - ADDED ENTRY--PERSONAL NAME
Personal name კახიძე, ნოდარ
Relator term რედაქტორი
9 (RLIN) 1519
942 ## - ADDED ENTRY ELEMENTS (KOHA)
Koha item type წიგნი
Source of classification or shelving scheme
ეგზემპლარები
ჩამოწერის სტატუსი დაკარგული ეგზემპლარის სტატუსი კლასიფიკაციის წყარო ან თაროზე გაწყობის სქემა დაზიანების სტატუსი არ გაიცემა მუდმივი მდებარეობა (დაცვის ადგილი) ამჟამინდელი ადგილსამყოფელი თაროზე განთავსების ადგილი შეძენის თარიღი ღირებულება, შესყიდვის ნორმალური ფასი სრული შენახვის შიფრი შტრიხკოდი ბოლო ოპერაციის თარიღი ეგზემპლარის მიმდევრობითი ნომერი (კეტერი?) ფასის ძალაში შესვლის თარიღი ეგზემპლარის სახეობა საჯარო შენიშვნა
          ბათუმის შოთა რუსთაველის სახელმწიფო უნივერსიტეტის მთავარი ბიბლიოთეკა ბათუმის შოთა რუსთაველის სახელმწიფო უნივერსიტეტის მთავარი ბიბლიოთეკა წიგნსაცავი 2018-12-17 5.00 39(479.223)+398(479.223) ა–14 5742 2018-12-17 5742 2018-12-17 წიგნი 5 ლ.
          ბათუმის შოთა რუსთაველის სახელმწიფო უნივერსიტეტის მთავარი ბიბლიოთეკა ბათუმის შოთა რუსთაველის სახელმწიფო უნივერსიტეტის მთავარი ბიბლიოთეკა წიგნსაცავი 2018-12-17 5.00 39(479.223)+398(479.223) ა–14 5743 2018-12-17 5743 2018-12-17 წიგნი 5 ლ.